All Members of Team Arrow - Statistics

General Stats
  • This quiz has been taken 65 times
  • The average score is 9 of 13
Answer Stats
Hint Answer % Correct
1 Oliver Queen
100%
2 Felicity Smoak
94%
10 Laurel Lance
94%
8 Thea Queen
90%
3 John Diggle
88%
7 Roy Harper
82%
11 Sara Lance
76%
5 Dinah Drake
68%
6 Curtis Holt
66%
4 Rene Ramirez
54%
14 Evelyn Sharp
22%
12 Rory Reagan
16%
13 Ray Palmer
8%
No matching quizzes found
Score Distribution
Percent of People with Each Score
Percentile by Number Answered
Your Score History
You have not taken this quiz